[Event "Puhajarve rap op 19th"]
[Site "Puhajarve"]
[Date "2018.11.24"]
[Round "10"]
[White "Ladva, Ottomar"]
[Black "Khalifman, Alexander"]
[Result "1/2-1/2"]
[WhiteElo "2497"]
[BlackElo "2617"]
[PlyCount "26"]
[EventDate "2018.11.23"]
[EventType "tourn (rapid)"]
[EventRounds "35"]
[EventCountry "EST"]
[SourceTitle "CBM 187 Extra"]
[Source "ChessBase"]
[SourceDate "2018.11.04"]
[SourceVersion "1"]
[SourceVersionDate "2018.11.04"]
[SourceQuality "1"]

1. Nf3 Nf6 2. d4 g6 3. g3 Bg7 4. Bg2 O-O 5. O-O d5 6. c4 c6 7. b3 dxc4 8. bxc4
c5 9. Bb2 cxd4 10. Nxd4 Qb6 11. Qc1 Bd7 12. Nd2 Nc6 13. N4b3 Rac8 1/2-1/2

[Event "Puhajarve rap op 19th"]
[Site "Puhajarve"]
[Date "2018.11.24"]
[Round "12"]
[White "Seeman, Tarvo"]
[Black "Khalifman, Alexander"]
[Result "1/2-1/2"]
[WhiteElo "2403"]
[BlackElo "2617"]
[PlyCount "22"]
[EventDate "2018.11.23"]
[EventType "tourn (rapid)"]
[EventRounds "35"]
[EventCountry "EST"]
[SourceTitle "CBM 187 Extra"]
[Source "ChessBase"]
[SourceDate "2018.11.04"]
[SourceVersion "1"]
[SourceVersionDate "2018.11.04"]
[SourceQuality "1"]

1. Nf3 Nf6 2. g3 g6 3. b3 d5 4. Bb2 c5 5. Bg2 Bg7 6. c4 d4 7. b4 Nc6 8. bxc5
Nd7 9. O-O Nxc5 10. d3 O-O 11. Ba3 Na6 1/2-1/2

[Event "Puhajarve rap op 19th"]
[Site "Puhajarve"]
[Date "2018.11.24"]
[Round "13"]
[White "Khalifman, Alexander"]
[Black "Schuls, Olev"]
[Result "1-0"]
[WhiteElo "2617"]
[BlackElo "2224"]
[PlyCount "55"]
[EventDate "2018.11.23"]
[EventType "tourn (rapid)"]
[EventRounds "35"]
[EventCountry "EST"]
[SourceTitle "CBM 187 Extra"]
[Source "ChessBase"]
[SourceDate "2018.11.04"]
[SourceVersion "1"]
[SourceVersionDate "2018.11.04"]
[SourceQuality "1"]

1. d4 Nf6 2. Nf3 b5 3. Bg5 Ne4 4. Bh4 a6 5. Nbd2 Bb7 6. Nxe4 Bxe4 7. e3 d6 8.
Bd3 Bxd3 9. Qxd3 Nd7 10. a4 c6 11. O-O Qc7 12. axb5 cxb5 13. Rfc1 d5 14. b3 Nb6
15. e4 Qb7 16. exd5 Nxd5 17. c4 Nb4 18. Qe2 e6 19. cxb5 Bd6 20. bxa6 Rxa6 21.
Rxa6 Nxa6 22. d5 O-O 23. dxe6 Nc5 24. Rd1 Be7 25. exf7+ Rxf7 26. Bxe7 Rxe7 27.
Qc4+ Ne6 28. Ng5 1-0

[Event "Puhajarve rap op 19th"]
[Site "Puhajarve"]
[Date "2018.11.24"]
[Round "19"]
[White "Khalifman, Alexander"]
[Black "Sepp, Olav"]
[Result "1/2-1/2"]
[WhiteElo "2617"]
[BlackElo "2432"]
[PlyCount "31"]
[EventDate "2018.11.23"]
[EventType "tourn (rapid)"]
[EventRounds "35"]
[EventCountry "EST"]
[SourceTitle "CBM 187 Extra"]
[Source "ChessBase"]
[SourceDate "2018.11.04"]
[SourceVersion "1"]
[SourceVersionDate "2018.11.04"]
[SourceQuality "1"]

1. d4 Nf6 2. Nf3 g6 3. c4 Bg7 4. g3 O-O 5. Bg2 d6 6. O-O c6 7. Nc3 Qb6 8. c5
dxc5 9. Na4 Qb5 10. Nxc5 a5 11. Re1 Rd8 12. Qc2 Na6 13. Nxa6 Qxa6 14. Bg5 Qb6
15. Bxf6 Bxf6 16. e3 1/2-1/2

[Event "Puhajarve rap op 19th"]
[Site "Puhajarve"]
[Date "2018.11.24"]
[Round "20"]
[White "Valgmae, Toomas"]
[Black "Khalifman, Alexander"]
[Result "1/2-1/2"]
[WhiteElo "2270"]
[BlackElo "2617"]
[PlyCount "44"]
[EventDate "2018.11.23"]
[EventType "tourn (rapid)"]
[EventRounds "35"]
[EventCountry "EST"]
[SourceTitle "CBM 187 Extra"]
[Source "ChessBase"]
[SourceDate "2018.11.04"]
[SourceVersion "1"]
[SourceVersionDate "2018.11.04"]
[SourceQuality "1"]

1. d4 Nf6 2. c4 e6 3. Nf3 d5 4. Nc3 a6 5. cxd5 exd5 6. Bg5 Be6 7. e3 Nbd7 8.
Bd3 h6 9. Bh4 Bd6 10. O-O c6 11. Rc1 O-O 12. Bb1 Qc7 13. Qd3 Rfe8 14. Bg3 Bxg3
15. hxg3 Qd6 16. Rfd1 Bg4 17. Re1 Ne4 18. Nh2 Bf5 19. Nxe4 Bxe4 20. Qe2 Nf6 21.
Ng4 Nxg4 22. Qxg4 a5 1/2-1/2

[Event "Puhajarve rap op 19th"]
[Site "Puhajarve"]
[Date "2018.11.24"]
[Round "27"]
[White "Medar, Marti"]
[Black "Khalifman, Alexander"]
[Result "1-0"]
[WhiteElo "2017"]
[BlackElo "2617"]
[PlyCount "71"]
[EventDate "2018.11.23"]
[EventType "tourn (rapid)"]
[EventRounds "35"]
[EventCountry "EST"]
[SourceTitle "CBM 187 Extra"]
[Source "ChessBase"]
[SourceDate "2018.11.04"]
[SourceVersion "1"]
[SourceVersionDate "2018.11.04"]
[SourceQuality "1"]

1. d4 Nf6 2. Bf4 g6 3. e3 Bg7 4. c3 O-O 5. Nd2 d6 6. a4 c5 7. Ngf3 Nc6 8. Nc4
cxd4 9. exd4 Nd5 10. Bg3 e5 11. dxe5 dxe5 12. Be2 e4 13. Nd4 Nxd4 14. cxd4 Ne7
15. Be5 Be6 16. Bxg7 Kxg7 17. Qd2 Bxc4 18. Bxc4 Rc8 19. b3 Nf5 20. d5 Qf6 21.
O-O Nd6 22. Rac1 Qe5 23. Qe3 b6 24. f4 Qf6 25. g4 Rc5 26. g5 Qe7 27. Qd4+ f6
28. Ba6 Rxc1 29. Rxc1 Kg8 30. gxf6 Rxf6 31. Qe5 Qd8 32. Rc6 Kg7 33. b4 Kg8 34.
Bc8 Kg7 35. Be6 Qe7 36. Rxd6 1-0

[Event "Puhajarve rap op 19th"]
[Site "Puhajarve"]
[Date "2018.11.25"]
[Round "29"]
[White "Narva, Triin"]
[Black "Khalifman, Alexander"]
[Result "1/2-1/2"]
[WhiteElo "2103"]
[BlackElo "2617"]
[PlyCount "28"]
[EventDate "2018.11.23"]
[EventType "tourn (rapid)"]
[EventRounds "35"]
[EventCountry "EST"]
[SourceTitle "CBM 187 Extra"]
[Source "ChessBase"]
[SourceDate "2018.11.04"]
[SourceVersion "1"]
[SourceVersionDate "2018.11.04"]
[SourceQuality "1"]

1. e4 c5 2. Nf3 d6 3. Bb5+ Nd7 4. O-O Ngf6 5. Qe2 a6 6. Bxd7+ Bxd7 7. e5 dxe5
8. Nxe5 e6 9. d3 Be7 10. Nc3 O-O 11. a4 Nd5 12. Ne4 f6 13. Nxd7 Qxd7 14. Bd2
Rfe8 1/2-1/2

[Event "Puhajarve rap op 19th"]
[Site "Puhajarve"]
[Date "2018.11.25"]
[Round "30"]
[White "Khalifman, Alexander"]
[Black "Petursson, Margeir"]
[Result "1/2-1/2"]
[WhiteElo "2617"]
[BlackElo "2487"]
[PlyCount "37"]
[EventDate "2018.11.23"]
[EventType "tourn (rapid)"]
[EventRounds "35"]
[EventCountry "EST"]
[SourceTitle "CBM 187 Extra"]
[Source "ChessBase"]
[SourceDate "2018.11.04"]
[SourceVersion "1"]
[SourceVersionDate "2018.11.04"]
[SourceQuality "1"]

1. d4 Nf6 2. g3 e6 3. Bg2 c5 4. Nf3 cxd4 5. O-O d5 6. Nxd4 Nc6 7. c4 Bc5 8. Nb3
Bb6 9. Nc3 d4 10. c5 dxc3 11. cxb6 Qxb6 12. bxc3 O-O 13. Bg5 Qc7 14. Bxf6 gxf6
15. Nd4 Ne5 16. Qb3 Bd7 17. Qxb7 Qxc3 18. Qe4 Rac8 19. Qf4 1/2-1/2

[Event "Puhajarve rap op 19th"]
[Site "Puhajarve"]
[Date "2018.11.25"]
[Round "32"]
[White "Khalifman, Alexander"]
[Black "Kiik, Kalle"]
[Result "1/2-1/2"]
[WhiteElo "2617"]
[BlackElo "2411"]
[PlyCount "40"]
[EventDate "2018.11.23"]
[EventType "tourn (rapid)"]
[EventRounds "35"]
[EventCountry "EST"]
[SourceTitle "CBM 187 Extra"]
[Source "ChessBase"]
[SourceDate "2018.11.04"]
[SourceVersion "1"]
[SourceVersionDate "2018.11.04"]
[SourceQuality "1"]

1. d4 d5 2. c4 e6 3. Nf3 c5 4. g3 Nc6 5. Bg2 Nf6 6. O-O Be7 7. dxc5 Bxc5 8. a3
a5 9. cxd5 exd5 10. Bg5 Be7 11. Nc3 Be6 12. Nd4 h6 13. Nxe6 fxe6 14. Bxf6 Bxf6
15. e4 d4 16. Qh5+ Ke7 17. Ne2 Qb6 18. Nf4 Rhe8 19. Ng6+ Kd6 20. Rad1 e5
1/2-1/2

[Event "LTU-chT"]
[Site "Lithuania"]
[Date "2019.03.30"]
[Round "3.1"]
[White "Khalifman, Alexander"]
[Black "Laurusas, Tomas"]
[Result "1/2-1/2"]
[WhiteElo "2617"]
[BlackElo "2495"]
[PlyCount "37"]
[EventDate "2019.01.26"]
[EventType "team-swiss"]
[EventRounds "7"]
[EventCountry "LTU"]
[SourceTitle "CBM 189 Extra"]
[Source "ChessBase"]
[SourceDate "2019.06.03"]
[SourceVersion "1"]
[SourceVersionDate "2019.06.03"]
[SourceQuality "1"]
[WhiteTeam "Kaunas Ezerelio"]
[BlackTeam "Vilnius MRU"]
[WhiteTeamCountry "LTU"]
[BlackTeamCountry "LTU"]

1. d4 d5 2. c4 c6 3. Nf3 Nf6 4. Nc3 a6 5. g3 Bf5 6. Nh4 Bg6 7. Nxg6 hxg6 8. Bg2
e6 9. O-O Nbd7 10. e3 Be7 11. b3 O-O 12. Qc2 b5 13. Nb1 bxc4 14. bxc4 c5 15.
cxd5 Nxd5 16. Bb2 Rc8 17. Qe2 N7b6 18. dxc5 Na4 19. Bxd5 1/2-1/2

[Event "LTU-chT"]
[Site "Lithuania"]
[Date "2019.03.31"]
[Round "5.1"]
[White "Khalifman, Alexander"]
[Black "Grybas, Gintaras"]
[Result "1-0"]
[WhiteElo "2617"]
[BlackElo "1988"]
[PlyCount "66"]
[EventDate "2019.01.26"]
[EventType "team-swiss"]
[EventRounds "7"]
[EventCountry "LTU"]
[SourceTitle "CBM 189 Extra"]
[Source "ChessBase"]
[SourceDate "2019.06.03"]
[SourceVersion "1"]
[SourceVersionDate "2019.06.03"]
[SourceQuality "1"]
[WhiteTeam "Kaunas Ezerelio"]
[BlackTeam "Vilnius LASF"]
[WhiteTeamCountry "LTU"]
[BlackTeamCountry "LTU"]

1. d4 Nf6 2. c4 e6 3. g3 d5 4. Bg2 Be7 5. Nf3 O-O 6. O-O Nbd7 7. Qc2 b6 8. cxd5
Nxd5 9. e4 Nb4 10. Qb3 a5 11. a3 Na6 12. Nc3 Bb7 13. Rd1 Nf6 14. Qc2 c6 15. h4
b5 16. e5 Ne8 17. Ng5 Bxg5 18. hxg5 Nac7 19. Ne4 Nd5 20. Nc5 Qc7 21. Bd2 g6 22.
Rac1 Rc8 23. Bxa5 Qxa5 24. Nxb7 Qa7 25. Bxd5 exd5 26. Nc5 Ng7 27. Rd3 Ne6 28.
Qd2 Qe7 29. Nxe6 Qxe6 30. Rdc3 Rc7 31. b4 Ra8 32. Qf4 Ra6 33. Kg2 Kg7 1-0

[Event "Sochi Archibald op 1st"]
[Site "Sochi"]
[Date "2019.05.13"]
[Round "2"]
[White "Khalifman, Alexander"]
[Black "Lugovskoy, Maxim"]
[Result "1/2-1/2"]
[WhiteElo "2616"]
[BlackElo "2445"]
[PlyCount "61"]
[EventDate "2019.05.12"]
[EventType "swiss"]
[EventRounds "9"]
[EventCountry "RUS"]
[SourceTitle "CBM 190 Extra"]
[Source "ChessBase"]
[SourceDate "2019.07.15"]
[SourceVersion "1"]
[SourceVersionDate "2019.07.15"]
[SourceQuality "1"]

1. d4 d5 2. c4 e6 3. Nf3 Nf6 4. g3 Be7 5. Bg2 O-O 6. O-O dxc4 7. Qc2 a6 8. Qxc4
b5 9. Qc2 Bb7 10. Bd2 Bd6 11. Bg5 Nbd7 12. Nbd2 c5 13. Bxf6 gxf6 14. Ne4 Bxe4
15. Qxe4 f5 16. Qe3 Rc8 17. a4 Qf6 18. axb5 axb5 19. Ra6 cxd4 20. Qxd4 Qxd4 21.
Nxd4 Be5 22. Nc6 Nb8 23. Nxb8 Rxb8 24. b3 b4 25. Rd1 Rfd8 26. Rxd8+ Rxd8 27.
Ra8 Rxa8 28. Bxa8 Kg7 29. e3 Bc3 30. Bf3 Kf6 31. Kf1 1/2-1/2

[Event "Sochi Archibald op 1st"]
[Site "Sochi"]
[Date "2019.05.14"]
[Round "4"]
[White "Khalifman, Alexander"]
[Black "Oganian, Miran"]
[Result "1-0"]
[WhiteElo "2616"]
[BlackElo "2415"]
[PlyCount "145"]
[EventDate "2019.05.12"]
[EventType "swiss"]
[EventRounds "9"]
[EventCountry "RUS"]
[SourceTitle "CBM 190 Extra"]
[Source "ChessBase"]
[SourceDate "2019.07.15"]
[SourceVersion "1"]
[SourceVersionDate "2019.07.15"]
[SourceQuality "1"]

1. d4 Nf6 2. c4 e6 3. Nf3 d5 4. g3 c6 5. Nbd2 Be7 6. Bg2 O-O 7. O-O b6 8. b3
Bb7 9. Bb2 Nbd7 10. Rc1 Rc8 11. e3 c5 12. Qe2 dxc4 13. Nxc4 b5 14. Nce5 Qb6 15.
Nxd7 Nxd7 16. Rfd1 Rfd8 17. dxc5 Bxc5 18. Ng5 h6 19. Bxb7 Qxb7 20. Qf3 Qxf3 21.
Nxf3 a5 22. Rc2 f6 23. Rdc1 e5 24. Kf1 Rc6 25. Ke2 Kf7 26. Nd2 Rdc8 27. g4 Ke6
28. h4 Kd5 29. h5 Bb4 30. Rxc6 Rxc6 31. Rxc6 Kxc6 32. Ne4 Nf8 33. Kd3 Ne6 34.
a3 Bf8 35. Bc1 Bd6 36. a4 Bb4 37. f4 bxa4 38. bxa4 Kd5 39. fxe5 Kxe5 40. Bb2+
Kd5 41. Bd4 Nf8 42. Ng3 Ne6 43. Nf5 Bf8 44. e4+ Kc6 45. Kc4 Nf4 46. e5 g6 47.
hxg6 fxe5 48. Bxe5 Nxg6 49. Bc3 Kb6 50. Bf6 Kc6 51. Kd4 Nf4 52. Ke4 Nd5 53. Bd4
Nc7 54. Be3 Kd7 55. Nxh6 Bxh6 56. Bxh6 Ne8 57. Ke5 Nd6 58. Kd5 Nc8 59. Be3 Ne7+
60. Kc5 Nc6 61. Bd4 Ne7 62. Bc3 Kc7 63. Bxa5+ Kb7 64. Bc3 Ng6 65. g5 Nf4 66.
Kd6 Ka6 67. Bd2 Ng6 68. Ke6 Nh4 69. Kf6 Kb7 70. Be1 Ng2 71. Bg3 Ne3 72. g6 Nd5+
73. Ke6 1-0

[Event "Sochi Archibald op 1st"]
[Site "Sochi"]
[Date "2019.05.15"]
[Round "5"]
[White "Tsydypov, Zhamsaran"]
[Black "Khalifman, Alexander"]
[Result "1/2-1/2"]
[WhiteElo "2546"]
[BlackElo "2616"]
[PlyCount "62"]
[EventDate "2019.05.12"]
[EventType "swiss"]
[EventRounds "9"]
[EventCountry "RUS"]
[SourceTitle "CBM 190 Extra"]
[Source "ChessBase"]
[SourceDate "2019.07.15"]
[SourceVersion "1"]
[SourceVersionDate "2019.07.15"]
[SourceQuality "1"]

1. e4 e5 2. Nf3 Nc6 3. Bc4 Bc5 4. d3 Nf6 5. Nc3 d6 6. Na4 Bb6 7. c3 Na5 8. Bb5+
Bd7 9. Bxd7+ Nxd7 10. O-O O-O 11. d4 Nc6 12. Bg5 Qe8 13. Re1 h6 14. Bh4 Ne7 15.
Bg3 Ng6 16. c4 Ba5 17. Re2 exd4 18. Nxd4 Nb6 19. Nxb6 Bxb6 20. Nf5 Qe6 21. Qd5
Rfe8 22. Rc1 Qxd5 23. cxd5 Ne7 24. Nxe7+ Rxe7 25. Kf1 Rae8 26. f3 f5 27. Rc4
fxe4 28. Rexe4 Rxe4 29. fxe4 Kf8 30. b4 Re7 31. Ke2 Ke8 1/2-1/2

[Event "Sochi Archibald op 1st"]
[Site "Sochi"]
[Date "2019.05.16"]
[Round "6"]
[White "Khalifman, Alexander"]
[Black "Volkov, Sergey"]
[Result "1/2-1/2"]
[WhiteElo "2616"]
[BlackElo "2572"]
[PlyCount "60"]
[EventDate "2019.05.12"]
[EventType "swiss"]
[EventRounds "9"]
[EventCountry "RUS"]
[SourceTitle "CBM 190 Extra"]
[Source "ChessBase"]
[SourceDate "2019.07.15"]
[SourceVersion "1"]
[SourceVersionDate "2019.07.15"]
[SourceQuality "1"]

1. d4 d5 2. c4 c6 3. Nf3 Nf6 4. Nc3 a6 5. e3 b5 6. b3 Bg4 7. Be2 Nbd7 8. h3 Bf5
9. Ne5 Nxe5 10. dxe5 Nd7 11. cxd5 cxd5 12. g4 Bg6 13. Nxd5 e6 14. Nf4 Bb4+ 15.
Bd2 Bxd2+ 16. Qxd2 Nxe5 17. Qc3 Qf6 18. Rc1 O-O 19. O-O Rfd8 20. Kg2 Rab8 21.
Rfd1 Be4+ 22. Kg3 g6 23. Rxd8+ Rxd8 24. Rd1 Rxd1 25. Bxd1 h5 26. gxh5 g5 27.
Ng2 Bf3 28. Qd4 Kg7 29. Ne1 Bxd1 30. Qxd1 Kh6 1/2-1/2

[Event "Sochi Archibald op 1st"]
[Site "Sochi"]
[Date "2019.05.17"]
[Round "7"]
[White "Bocharov, Dmitry"]
[Black "Khalifman, Alexander"]
[Result "1/2-1/2"]
[WhiteElo "2530"]
[BlackElo "2616"]
[PlyCount "28"]
[EventDate "2019.05.12"]
[EventType "swiss"]
[EventRounds "9"]
[EventCountry "RUS"]
[SourceTitle "CBM 190 Extra"]
[Source "ChessBase"]
[SourceDate "2019.07.15"]
[SourceVersion "1"]
[SourceVersionDate "2019.07.15"]
[SourceQuality "1"]

1. d4 Nf6 2. c4 e6 3. g3 d5 4. Nf3 Be7 5. Bg2 O-O 6. O-O dxc4 7. Qa4 a6 8. Qxc4
b5 9. Qc2 Bb7 10. Bd2 Be4 11. Qc1 Bb7 12. Qc2 Be4 13. Qc1 Bb7 14. Qc2 Be4
1/2-1/2

[Event "Sochi Archibald op 1st"]
[Site "Sochi"]
[Date "2019.05.19"]
[Round "9"]
[White "Khalifman, Alexander"]
[Black "Gochelashvili, David"]
[Result "1-0"]
[WhiteElo "2616"]
[BlackElo "2392"]
[PlyCount "69"]
[EventDate "2019.05.12"]
[EventType "swiss"]
[EventRounds "9"]
[EventCountry "RUS"]
[SourceTitle "CBM 190 Extra"]
[Source "ChessBase"]
[SourceDate "2019.07.15"]
[SourceVersion "1"]
[SourceVersionDate "2019.07.15"]
[SourceQuality "1"]

1. d4 Nf6 2. Nf3 g6 3. c4 Bg7 4. Nc3 O-O 5. e4 d6 6. Be2 c5 7. O-O cxd4 8. Nxd4
Nc6 9. Be3 Bd7 10. Qd2 Nxd4 11. Bxd4 Bc6 12. f3 Nd7 13. Be3 a5 14. b3 Nc5 15.
Rac1 Qb6 16. Nd5 Bxd5 17. cxd5 Qb4 18. Rc2 Na6 19. Bxa6 Qxd2 20. Bxd2 Bd4+ 21.
Kh1 Rxa6 22. Rc7 a4 23. b4 Rb6 24. Rfc1 Re8 25. R1c4 Bb2 26. Kg1 Rb5 27. Kf1 f5
28. Ke2 fxe4 29. fxe4 e6 30. Rc8 Rxc8 31. Rxc8+ Kf7 32. Rc7+ Kf6 33. h4 Ke5 34.
Kd3 h6 35. Re7 1-0

[Event "Riga Tal Memorial rapid"]
[Site "Riga"]
[Date "2019.07.16"]
[Round "3"]
[White "Onischuk, Vladimir"]
[Black "Khalifman, Alexander"]
[Result "0-1"]
[WhiteElo "2637"]
[BlackElo "2614"]
[PlyCount "90"]
[EventDate "2019.07.16"]
[EventType "swiss (rapid)"]
[EventRounds "11"]
[EventCountry "LAT"]
[SourceTitle "CBM 191 Extra"]
[Source "ChessBase"]
[SourceDate "2019.09.30"]
[SourceVersion "1"]
[SourceVersionDate "2019.09.30"]
[SourceQuality "1"]

1. e4 c5 2. Ne2 Nc6 3. Nbc3 g6 4. d4 cxd4 5. Nxd4 Bg7 6. Nb3 Nf6 7. g3 d6 8. h3
Bd7 9. Bg2 Qc8 10. g4 O-O 11. O-O Rd8 12. f4 e6 13. Be3 Be8 14. Qe2 Qc7 15. g5
Nh5 16. Qf2 Na5 17. Rad1 Nc4 18. Bc1 Nxb2 19. Bxb2 Bxc3 20. Bc1 Bb5 21. Rfe1
Bxe1 22. Rxe1 e5 23. f5 Rac8 24. Bf3 Qxc2 25. Qh4 Ng7 26. f6 Qxa2 27. Bd1 Rc3
28. fxg7 Rxb3 29. Bxb3 Qxb3 30. Be3 a5 31. Qf2 Bc6 32. Qf6 Rd7 33. Qf2 Bxe4 34.
Rc1 Bc6 35. h4 d5 36. Bd2 Qh3 37. Rc3 Qg4+ 38. Kh2 d4 39. Rc5 e4 40. Rxa5 Rd8
41. Qf6 Qxh4+ 42. Kg1 Qg4+ 43. Kf1 Re8 44. Qxd4 Qd1+ 45. Kf2 e3+ 0-1

[Event "Riga Tal Memorial rapid"]
[Site "Riga"]
[Date "2019.07.16"]
[Round "5"]
[White "Zubov, Alexander"]
[Black "Khalifman, Alexander"]
[Result "1/2-1/2"]
[WhiteElo "2601"]
[BlackElo "2614"]
[PlyCount "138"]
[EventDate "2019.07.16"]
[EventType "swiss (rapid)"]
[EventRounds "11"]
[EventCountry "LAT"]
[SourceTitle "CBM 191 Extra"]
[Source "ChessBase"]
[SourceDate "2019.09.30"]
[SourceVersion "1"]
[SourceVersionDate "2019.09.30"]
[SourceQuality "1"]

1. d4 Nf6 2. Nf3 d5 3. c4 e6 4. e3 Be7 5. b3 O-O 6. Bb2 c5 7. Bd3 cxd4 8. exd4
b6 9. O-O Bb7 10. Qe2 Nbd7 11. Nc3 Re8 12. Rad1 Qc7 13. Ne5 dxc4 14. Bxc4 Nf8
15. f4 Nd5 16. Rc1 Nxc3 17. Rxc3 Qd6 18. Rg3 Bd5 19. Qh5 g6 20. Bd3 f5 21. Qe2
Bf6 22. Ba6 Kg7 23. Rc3 Re7 24. Rfc1 Rd8 25. Qe3 Be4 26. Rc4 Bd5 27. Rc8 Rxc8
28. Rxc8 Qb4 29. Qc3 Qxc3 30. Bxc3 Bb7 31. Bxb7 Rxb7 32. Bb4 Nd7 33. Nc6 a5 34.
Bd6 b5 35. Be5 Nb6 36. Rd8 Bxe5 37. fxe5 Nd5 38. Rd6 Nb4 39. Nd8 Rb8 40. Nxe6+
Kh6 41. a3 Nc2 42. Ra6 Nxa3 43. Rxa5 Nc2 44. d5 Nb4 45. Nc7 Rb7 46. d6 Nc6 47.
Rxb5 Rxb5 48. Nxb5 Nxe5 49. Nc7 Kg7 50. b4 Kf6 51. b5 Nd7 52. Kf2 Ke5 53. Ne8
g5 54. Ke3 f4+ 55. Kf3 h5 56. h3 Kd5 57. Kf2 g4 58. h4 Kc5 59. Ng7 Kxb5 60.
Nxh5 f3 61. gxf3 gxf3 62. Ng3 Kc6 63. Nf5 Ne5 64. h5 Kd7 65. Kg3 Ke6 66. h6 f2
67. Kxf2 Ng4+ 68. Kf3 Nxh6 69. Nxh6 Kxd6 1/2-1/2

[Event "Riga Tal Memorial rapid"]
[Site "Riga"]
[Date "2019.07.17"]
[Round "7"]
[White "Ulybin, Mikhail"]
[Black "Khalifman, Alexander"]
[Result "0-1"]
[WhiteElo "2469"]
[BlackElo "2614"]
[PlyCount "74"]
[EventDate "2019.07.16"]
[EventType "swiss (rapid)"]
[EventRounds "11"]
[EventCountry "LAT"]
[SourceTitle "CBM 191 Extra"]
[Source "ChessBase"]
[SourceDate "2019.09.30"]
[SourceVersion "1"]
[SourceVersionDate "2019.09.30"]
[SourceQuality "1"]

1. e4 c5 2. Nf3 Nc6 3. Bb5 g6 4. O-O Bg7 5. c3 Nf6 6. Re1 O-O 7. d4 d5 8. e5
Ne4 9. Nbd2 cxd4 10. cxd4 Bf5 11. Qa4 Qb6 12. Bxc6 Qxc6 13. Qxc6 bxc6 14. Nb3
a5 15. Be3 Rfb8 16. Re2 a4 17. Nc1 f6 18. exf6 exf6 19. Nd3 Nc3 20. Rd2 Bxd3
21. Rxd3 Ne4 22. Rb1 Rb6 23. Nd2 f5 24. f3 Nd6 25. b4 axb3 26. axb3 Nb5 27. Kf1
Bf6 28. Rc1 g5 29. g3 Kf7 30. Bf2 Rba6 31. Ke2 Ke6 32. Kd1 Kd7 33. Be3 Ra1 34.
Rxa1 Rxa1+ 35. Ke2 f4 36. Bf2 Rc1 37. Nf1 Nc3+ 0-1

[Event "Riga Tal Memorial rapid"]
[Site "Riga"]
[Date "2019.07.17"]
[Round "9"]
[White "Khalifman, Alexander"]
[Black "Ponkratov, Pavel"]
[Result "1/2-1/2"]
[WhiteElo "2614"]
[BlackElo "2651"]
[PlyCount "105"]
[EventDate "2019.07.16"]
[EventType "swiss (rapid)"]
[EventRounds "11"]
[EventCountry "LAT"]
[SourceTitle "CBM 191 Extra"]
[Source "ChessBase"]
[SourceDate "2019.09.30"]
[SourceVersion "1"]
[SourceVersionDate "2019.09.30"]
[SourceQuality "1"]

1. Nf3 c5 2. c4 Nc6 3. Nc3 Nf6 4. g3 d5 5. d4 Bg4 6. Bg2 Bxf3 7. Bxf3 Nxd4 8.
Bg2 e6 9. O-O Be7 10. e3 Nc6 11. cxd5 exd5 12. Nxd5 O-O 13. Nxe7+ Qxe7 14. Bd2
Rac8 15. Qc2 Nb4 16. Qb3 b6 17. a3 Nbd5 18. Rac1 Rfd8 19. Rfd1 Ne4 20. Be1 Ndf6
21. Rxd8+ Rxd8 22. Rd1 Rxd1 23. Qxd1 h5 24. Qd3 Qe6 25. f3 Nd6 26. e4 c4 27.
Qd4 Nb5 28. Qd8+ Kh7 29. a4 Nd6 30. Bc3 Nd7 31. Qg5 g6 32. Bh3 Qxh3 33. Qd8 f6
34. Qe7+ Kg8 35. Qxd6 h4 36. gxh4 Kf7 37. Bb4 Qe6 38. Qxe6+ Kxe6 39. Kf2 a5 40.
Ba3 Ne5 41. Ke3 Nc6 42. f4 f5 43. Bf8 fxe4 44. Kxe4 Nb4 45. f5+ gxf5+ 46. Kd4
Nd3 47. Kxc4 Nxb2+ 48. Kb5 f4 49. Bh6 Kf5 50. h5 Nd1 51. Bxf4 Nc3+ 52. Kxb6
Nxa4+ 53. Kxa5 1/2-1/2

[Event "Chigorin Memorial 27th"]
[Site "St Petersburg"]
[Date "2019.10.05"]
[Round "1"]
[White "Khalifman, Alexander"]
[Black "Khaliullin, Albert"]
[Result "1-0"]
[WhiteElo "2614"]
[BlackElo "2053"]
[PlyCount "71"]
[EventDate "2019.10.05"]
[EventType "swiss"]
[EventRounds "9"]
[EventCountry "RUS"]
[SourceTitle "EXT 2020"]
[Source "ChessBase"]
[SourceDate "2019.10.17"]
[SourceVersion "1"]
[SourceVersionDate "2019.10.17"]
[SourceQuality "1"]

1. d4 Nf6 2. c4 b6 3. f3 Nc6 4. Nc3 e5 5. d5 Ne7 6. e4 Ng6 7. Nge2 Bb4 8. a3
Bxc3+ 9. Nxc3 d6 10. Be3 Bd7 11. Qd2 O-O 12. O-O-O Ne8 13. h4 c5 14. h5 Ne7 15.
f4 exf4 16. Bxf4 f6 17. Bd3 a6 18. Rdf1 Rb8 19. h6 g6 20. a4 Nc8 21. Rf2 Na7
22. Rhf1 Qe7 23. Qe3 Nc7 24. Qg3 Ne8 25. e5 f5 26. e6 Bc8 27. Bg5 Qb7 28. Bxf5
Rxf5 29. Rxf5 gxf5 30. Rxf5 Ng7 31. Rf7 Qxf7 32. exf7+ Kxf7 33. hxg7 Kxg7 34.
Qxd6 Rb7 35. Qf6+ Kg8 36. Bh6 1-0

[Event "Chigorin Memorial 27th"]
[Site "St Petersburg"]
[Date "2019.10.07"]
[Round "3"]
[White "Khalifman, Alexander"]
[Black "Putrenko, Kirill"]
[Result "1-0"]
[WhiteElo "2614"]
[BlackElo "1974"]
[PlyCount "103"]
[EventDate "2019.10.05"]
[EventType "swiss"]
[EventRounds "9"]
[EventCountry "RUS"]
[SourceTitle "EXT 2020"]
[Source "ChessBase"]
[SourceDate "2019.10.17"]
[SourceVersion "1"]
[SourceVersionDate "2019.10.17"]
[SourceQuality "1"]

1. d4 g6 2. c4 Bg7 3. Nf3 c5 4. d5 e5 5. e4 d6 6. Nc3 Nh6 7. h4 f6 8. h5 g5 9.
Be2 O-O 10. a3 Na6 11. Be3 Nc7 12. Qd2 Qe8 13. Nh2 Bd7 14. b4 b6 15. g4 Qe7 16.
O-O Na6 17. Rfb1 Rfb8 18. f3 Qd8 19. Nf1 Nc7 20. Bf2 a5 21. bxc5 bxc5 22. Ne3
Qe8 23. Bd1 Bf8 24. Bc2 Be7 25. Qd1 Rxb1 26. Rxb1 Ra7 27. Ba4 Bxa4 28. Qxa4
Qxa4 29. Nxa4 Kf7 30. Nd1 Ke8 31. Ndc3 Nf7 32. Nb5 Nxb5 33. cxb5 Nd8 34. Kf1
Nb7 35. Ke2 Bd8 36. Kd3 Kd7 37. Kc4 Ra8 38. Be1 Ra7 39. b6 Ra8 40. Kb5 Be7 41.
Nb2 Bd8 42. a4 c4 43. Nxc4 Nc5 44. Bxa5 Rc8 45. Bb4 Nd3 46. a5 Nxb4 47. Kxb4
Rc5 48. a6 Rc8 49. a7 Ra8 50. b7 Rxa7 51. b8=Q Ba5+ 52. Nxa5 1-0